000 00841nam a2200253 a 4500
003 CO-ViMGA
005 20230915232211.0
008 081124s2008 sp a jr 0001f spa d
020 _a9788498672220
040 _aCO-ViMGA
_bspa
_cCO-ViMGA
041 1 _heng
043 _an-us---
082 0 4 _a813.5
_bK46p
_219
100 1 _aKinney, Jeff,
_d1971-
_92348
245 1 0 _aDiario de Greg :
_bun pringao total /
_cJeff Kinney ; traducción Esteban Morán.
260 3 _aBarcelona :
_bRBA Libros :
_bEditorial Molino,
_c2008.
300 _a217 p. :
_bil. ;
_c22 cm.
534 _pTítulos originales :
_tDiary of a Wimpy kid.
650 1 4 _aAmistad
_v Novela juvenil.
_92349
650 1 4 _aNovela juvenil estadounidense.
_91575
650 6 _aNavidad
_v Novela juvenil.
_92350
700 1 _aMorán, Esteban,
_etr.
_92351
942 _2ddc
_cBK
999 _c33775
_d33775